| 000 | 00989nam a22002537a 4500 | ||
|---|---|---|---|
| 005 | 20240530110355.0 | ||
| 008 | 150106b2010 ua d f b 000 0 ara d | ||
| 017 |
_a2009/16056 _bمصر . دار الكتب المصرية |
||
| 020 | _a9789773831786 | ||
| 040 | _aEG-CaGPL | ||
| 041 | 0 | _aara | |
| 082 | 0 | 4 |
_221 _a541.37\ _bم م |
| 100 | 0 | _aمصطفى محمد بامطرف | |
| 245 | 1 | 0 |
_aمبادئ الكيمياء الكهربية = _bPriniciples of electrochemistry / _cتاليف مصطفى محمد بامطرف |
| 250 | _aط1 | ||
| 260 |
_aالقاهرة : _bايتراك للطباعة و النشر و التورزيع ، _c2010 |
||
| 300 |
_a197 ص : _bايض ؛ _c24 سم |
||
| 504 | _aيشتمل على ارجاعات ببليوجرافية | ||
| 650 | 0 | 4 | _aالكيمياء الكهربائية |
| 650 | 0 | 4 | _aالبطاريات الكهربائية |
| 650 | 0 | 4 | _aالكيمياء الصناعية |
| 942 |
_2ddc _cBK |
||
| 999 |
_c60159 _d60159 |
||